| 000 | 00882nam a2200229 a 4500 | ||
|---|---|---|---|
| 001 | 47819 | ||
| 003 | BD-RjUL | ||
| 005 | 20211209054411.0 | ||
| 008 | 160810s2009 bg ||||| b||| 00| 0 ben d | ||
| 020 |
_a9840747797 _c: Tk.180.00 |
||
| 035 | _a(BD-RjUL)47938 | ||
| 040 |
_aBD-RjUL _bben _cBD-RjUL |
||
| 041 | _aben | ||
| 082 |
_223 _a781.62095492 _bMIT 2009 |
||
| 100 | 1 |
_aমিঞা, মোঃ আবদুল করিম _9145196 |
|
| 245 | 1 | 0 |
_aটাঙ্গাইল অঞ্চলের বাউল গান : _bস্বরূপ ও দর্শন / |
| 260 |
_aঢাকা : _bবাংলা একাডেমী, _c২০০৩ |
||
| 300 |
_a[১১], ৩২৪ পৃ. : _bচিত্র ; _c২১ সেমি. |
||
| 650 |
_aলোকসঙ্গীত _zবাংলাদেশ _9123859 |
||
| 650 |
_aFolk music _zBangladesh _9125756 |
||
| 942 |
_2ddc _cBK |
||
| 999 |
_c47819 _d47819 |
||